|
|
|
|
| LEADER |
00611nab a2200181 i 4500 |
| 001 |
acta25475 |
| 005 |
20210622150530.0 |
| 008 |
161017s1937 hu o 0|| fre d |
| 022 |
|
|
|a 1166-9675
|
| 040 |
|
|
|a SZTE Egyetemi Kiadványok Repozitórium
|b hun
|
| 041 |
|
|
|a fre
|
| 100 |
1 |
|
|a Baruzi Joseph
|
| 245 |
1 |
0 |
|a Liszt et la musique populaire et tzigane
|h [elektronikus dokumentum] /
|c Baruzi Joseph
|
| 260 |
|
|
|c 1937
|
| 300 |
|
|
|a 15-50
|
| 490 |
0 |
|
|a Études hongroises
|v 14-15
|
| 695 |
|
|
|a Liszt Ferenc, Zenetudomány
|
| 856 |
4 |
0 |
|u http://acta.bibl.u-szeged.hu/25475/1/etudes_hongroises_014_015_015-050.pdf
|z Dokumentum-elérés
|